00505 2200181 4500245006100000020002200061250001100083100001800094700001900112700001900131650002100150005001900171260007600190041001400266084001000280300002400290336000900314 aPadi Sebesar Buah dan Cerita LainnyacFiny MarsyahhText a978-623-112-301-5 aCet. 1 aFiny Marsyah aJoni syahputra aGilang Permadi aCerita Bergambar a20241001125309 aJakartabKementerian Pendidikan, Kebudayaan, Riset, dan Teknologic2023 aIndonesia a741.5 a32 hlm :c21 cm pdf atext